Tirol - Quiz - Statistiken

Allgemein
  • Dieses Quiz wurde 564 mal gespielt
  • Das Durchschnittsergebnis liegt bei 12 aus 20
Antwortstatistiken
Hinweis Antwort % Korrekt
Hauptstadt Innsbruck
99%
Tirol grenzt an diese drei Staaten Italien
92%
Tirol grenzt an diese drei Staaten Deutschland
91%
Tirol grenzt an diese drei Staaten Schweiz
88%
Region, die zu Tirol gehört, aber komplett von ihr abgeschnitten ist Osttirol
80%
Zweitgrößte Stadt Kufstein
78%
Hauptstadt dieser Region Lienz
77%
Grenzpass und meistbefahrene Verbindung zwischen Österreich und Italien Brennerpass
72%
Corona-Hotspot im Frühjahr 2020 Ischgl
72%
Östlich von der Hauptstadt gelegene Stadt, die international als einer der bedeutendsten Wintersportorte der Alpen bekannt ist Kitzbühel
72%
Höchster Berg Großglockner
68%
Wahrzeichen der Hauptstadt Goldenes Dachl
57%
Größter See in Tirol, der auch als "Tiroler Meer" bezeichnet wird Achensee
48%
Die Hauptstadt ist einer der vier Austragungsorte dieses Skisprungwettbewerbs, der traditionell immer um den Jahreswechsel stattfindet Vierschanzentournee
45%
Einer der erfolgreichsten deutschsprachigen Musiker, geboren in St. Johann in Tirol DJ Ötzi
42%
Flächengrößte Gemeinde Österreichs und beliebtes Ziel für Touristen Sölden
41%
Gebirgsregion, zu dem dieser Berg gehört Hohe Tauern
29%
Funktionelle Exklave in Deutschland Jungholz
26%
Schloss in der Hauptstadt, das zu Tirols besucherstärksten touristischen Attraktionen zählt Schloss Ambras
18%
Landeshymne Andreas-Hofer-Lied
17%
Keine übereinstimmenden Quizze gefunden
Verteilung der Resultate
Anzahl Personen mit jedem Resultat
Perzentil nach korrekt beantworteten Fragen
Ihre Resultats-Entwicklung
Sie haben dieses Quiz noch nicht gespielt